000
00319nam a2200121Ia 4500
008
180117s9999 xx 000 0 und d
100
_a
by Efren R Abueg
245
4
_a
The Dawn of Tagalog Fiction
260
_c
2017
300
_a
17-20 pages, 2017 April 16
440
_a
Philippine Panorama
650
_a
TAGALOG FICTION
999
_c
353549
_d
353549